Chile entre dos Alessandri: memorias políticas
Guardado en:
| Autor principal: | |
|---|---|
| Formato: | Libro |
| Lenguaje: | español |
| Publicado: |
Santiago, Chile
Nascimento
1962
|
| Materias: | |
| Etiquetas: |
Agregar Etiqueta
Sin Etiquetas, Sea el primero en etiquetar este registro!
|
MARC
| LEADER | 00000cam a2200000 a 4500 | ||
|---|---|---|---|
| 001 | UCO2101 | ||
| 003 | CL-VaPUC | ||
| 005 | 20220928190041.0 | ||
| 008 | 000602e19620000CL |||||||||||||||||spa|d | ||
| 999 | |c 288641 |d 288639 | ||
| 040 | |c Pontificia Universidad Católica de Valparaíso | ||
| 082 | 0 | 4 | |a 983.064 OLA 1962 |2 21 |
| 100 | |a Olavarría Bravo, Arturo |e autor |9 438780 | ||
| 245 | 1 | 0 | |a Chile entre dos Alessandri: |b memorias políticas |
| 260 | |a Santiago, Chile |b Nascimento |c 1962 | ||
| 300 | |a volúmenes | ||
| 583 | |a last modification |c 20160525 10:05:00 |k Rodrigo Vera | ||
| 650 | 0 | |a Historia de Chile |9 265473 | |
| 650 | 7 | |a MEMORIAS |2 CL-VaPUC |9 269159 |z CHILE | |
| 852 | |a BIBCUR | ||
| 942 | |c BK |2 ddc | ||
| 945 | |d 20000602 00:00:00 |a crobeson | ||
| 952 | |0 0 |1 0 |2 ddc |4 0 |6 983_064000000000000_OLA_1962 |7 0 |8 A |9 336460 |a BIBHIS |b BIBHIS |d 2019-11-20 |h v.1 |i 1278622 |o 983.064 OLA 1962 |p 1278622 |r 2025-01-20 |t 1 |w 2019-11-20 |y BK |k HIS | ||
| 952 | |0 0 |1 0 |2 ddc |4 0 |6 983_064000000000000_OLA_1962 |7 0 |8 A |9 336461 |a BIBHIS |b BIBHIS |d 2019-11-20 |h v.1 |i 1278630 |o 983.064 OLA 1962 |p 1278630 |r 2025-01-20 |t 2 |w 2019-11-20 |y BK |k HIS | ||
| 952 | |0 0 |1 0 |2 ddc |4 0 |6 983_064000000000000_OLA_1962 |7 0 |8 A |9 336462 |a BIBHIS |b BIBHIS |d 2019-11-20 |h v.2 |i 1278649 |o 983.064 OLA 1962 |p 1278649 |r 2025-01-20 |t 1 |w 2019-11-20 |y BK |k HIS | ||
| 952 | |0 0 |1 0 |2 ddc |4 0 |6 983_064000000000000_OLA_1962 |7 0 |8 A |9 336463 |a BIBHIS |b BIBHIS |d 2019-11-20 |h v.2 |i 1278657 |o 983.064 OLA 1962 |p 1278657 |r 2025-01-20 |t 2 |w 2019-11-20 |y BK |k HIS | ||
| 952 | |0 0 |1 0 |2 ddc |4 0 |6 983_064000000000000_OLA_1962 |7 0 |8 A |9 336464 |a BIBHIS |b BIBHIS |d 2019-11-20 |h v.3 |i 1278665 |o 983.064 OLA 1962 |p 1278665 |r 2025-01-20 |t 1 |w 2019-11-20 |y BK |k HIS | ||
| 952 | |0 0 |1 0 |2 ddc |4 0 |6 983_064000000000000_OLA_1962 |7 0 |8 A |9 336465 |a BIBHIS |b BIBHIS |d 2019-11-20 |h v.3 |i 1278673 |o 983.064 OLA 1962 |p 1278673 |r 2025-01-20 |t 2 |w 2019-11-20 |y BK |k HIS | ||
| 952 | |0 0 |1 0 |3 erb |4 0 |6 983_064000000000000_OLA_1962 |7 0 |8 A |9 336466 |a FDOHBE |b FDOHBE |e Huesbe Llanos, Marco Antonio, 1934- |i 5330432 |o 983.064 OLA 1962 |p 5330432 |r 2024-01-30 |w 2019-11-20 |y BK |z Catalogado en:20160526 |k HBE | ||
| 952 | |0 0 |1 0 |3 erb |4 0 |6 983_064000000000000_OLA_1962 |7 0 |8 A |9 336467 |a FDOHBE |b FDOHBE |e Huesbe Llanos, Marco Antonio, 1934- |i 5330327 |o 983.064 OLA 1962 |p 5330327 |r 2024-01-30 |w 2019-11-20 |y BK |z Catalogado en:20160708 |k HBE | ||